Central Library OPAC University of Rajshahi

A history of economic thought / (Record no. 42769)

MARC details
000 -LEADER
fixed length control field 00750nam a2200253 a 4500
001 - CONTROL NUMBER
control field 42769
003 - CONTROL NUMBER IDENTIFIER
rucl marc code BD-RjUL
005 - DATE AND TIME OF LATEST TRANSACTION
control field 20211209053605.0
008 - FIXED-LENGTH DATA ELEMENTS--GENERAL INFORMATION
fixed length control field 160615s1967 enk b 001 0 eng
035 ## - SYSTEM CONTROL NUMBER
System control number (BD-RjUL) 42887
040 ## - CATALOGING SOURCE
Original cataloging agency DLC
Transcribing agency DLC
Modifying agency DLC
-- BD-RjUL
Language of cataloging eng
041 ## - LANGUAGE CODE
Language code of text/sound track or separate title eng
082 00 - DEWEY DECIMAL CLASSIFICATION NUMBER
Classification number 330.9
Edition number 23
Author mark and year BAH 1967
100 1# - MAIN ENTRY--PERSONAL NAME
Personal name Barber, William J.
9 (RLIN) 131442
245 12 - TITLE STATEMENT
Title A history of economic thought /
Statement of responsibility, etc. William J. Barber.
260 ## - PUBLICATION, DISTRIBUTION, ETC. (IMPRINT)
Place of publication, distribution, etc. Harmondsworth :
Name of publisher, distributor, etc. Penguin,
Date of publication, distribution, etc. 1967.
300 ## - PHYSICAL DESCRIPTION
Pagination 266 p. ;
Size 19 cm.
490 0# - SERIES STATEMENT
Series statement Pelican books ;
Volume/sequential designation A890
504 ## - BIBLIOGRAPHY, ETC. NOTE
Bibliography, etc Includes bibliographical references and index.
650 #0 - SUBJECT ADDED ENTRY--TOPICAL TERM
Topical term or geographic name as entry element Economics
General subdivision History.
9 (RLIN) 126593
Topical term or geographic name as entry element Economics.
9 (RLIN) 131760
830 ## - SERIES ADDED ENTRY--UNIFORM TITLE
Uniform title Pelican books ;
Volume number/sequential designation A890
942 ## - ADDED ENTRY ELEMENTS (KOHA)
Source of classification or shelving scheme Dewey Decimal Classification
Koha item type Books
Holdings
Lost status Source of classification or shelving scheme Damaged status Not for loan Collection code Permanent Location Current Location Shelving location Date acquired Source of acquisition Total Checkouts Full call number Date last seen Copy number Koha item type
  Dewey Decimal Classification     Non-fiction Central Library, University of Rajshahi Central Library, University of Rajshahi   13/03/1973 B.Council   330.9 BAH 1967 15/06/2016 C-2 Books
  Dewey Decimal Classification     Non-fiction Central Library, University of Rajshahi Central Library, University of Rajshahi   25/10/1990 Shakhawat   330.9 BAH 1967 04/09/2016 C-3 Books
  Dewey Decimal Classification     Non-fiction Central Library, University of Rajshahi Central Library, University of Rajshahi   01/11/1990 Shakhawat   330.9 BAH 1967 17/12/2016 C-4 Books